Wszyscy Mistrzowie Formuły 1 - Statystyki

Ogólne statystyki
  • Ten quiz został rozwiązany 146 razy
  • Średni wynik to 19 z 33
Statystyki odpowiedzi
Liczba tytułów Zawodnik % Poprawnych
6 Hamilton
99%
7 Schumacher
98%
4 Vettel
94%
2 Alonso
89%
3 Senna
88%
1 Raikkonen
84%
3 Lauda
79%
4 Prost
79%
1 Rosberg
77%
1 Rosberg
77%
1 Button
71%
2 Hill
66%
1 Hill
66%
1 Hill
66%
5 Fangio
63%
2 Hakkinen
62%
1 Mansell
53%
1 Farina
52%
3 Piquet
52%
2 Ascari
50%
1 Hunt
46%
3 Stewart
46%
1 Villeneuve
46%
3 Brabham
44%
2 Fittipaldi
44%
2 Clark
43%
1 Scheckter
29%
1 Jones
27%
1 Andretti
24%
1 Rindt
24%
1 Hawthorn
21%
1 Hulme
17%
1 Surtes
17%
Nie znaleziono quizów pasujących do podanych kryteriów
Rozkład punktacji
Procent ludzi z każdym wynikiem
Percentyl według liczby udzielonych odpowiedzi
Twoja historia wyników
Nie rozwiązałeś tego quizu